[Event "Slovan op"]
[Site "Bratislava"]
[Date "1998.??.??"]
[Round "7"]
[White "Castiglione, Mario"]
[Black "Novak, Ivan"]
[Result "1/2-1/2"]
[WhiteElo "2225"]
[BlackElo "2345"]

1.e4 d6 2.Nc3 g6 3.d4 Bg7 4.Bc4 Nc6 5.Nge2 Nf6 6.f3 a6 7.Be3 b5 8.Bb3 Na5
9.e5 Ng8 10.exd6 cxd6 11.Bd5 Rb8 12.Ne4 e6 13.Bb3 d5 14.Nc5 Ne7 15.Bf4 Rb6
16.Qd2 Rc6 17.Bh6 O-O 18.Bxg7 Kxg7 19.h4 h6 20.h5 g5 21.f4 f6 22.O-O-O e5
23.fxg5 fxg5 24.Rhf1 e4 25.Rxf8 Nxb3+ 26.axb3 Qxf8 27.Qe3 Bg4 28.Re1 Bxe2
29.Qxe2 Qf4+ 30.Kb1 Rf6 31.Nd7 Rd6 32.Rf1 Qg3 33.Nc5 Ng8 34.c4 Rf6 35.cxd5 Rxf1+
36.Qxf1 e3 37.Nd3 Qg4 38.Ne5 Qxd4 39.Qd3 Qxd3+ 40.Nxd3 Nf6 41.d6 Kf7 42.d7 Nxd7
43.Kc2  1/2-1/2

[Event "Bristol op"]
[Site "Bristol"]
[Date "1998.??.??"]
[Round "3"]
[White "Richards, John"]
[Black "Helbig, Paul"]
[Result "1-0"]
[WhiteElo "2045"]
[BlackElo "2180"]

1.e4 g6 2.d4 d6 3.Nc3 Bg7 4.Be3 a6 5.Qd2 b5 6.Bd3 Nd7 7.Nf3 c5 8.O-O Bb7
9.Rfe1 cxd4 10.Bxd4 Ngf6 11.Rad1 O-O 12.a3 Nb6 13.Qe3 Nbd7 14.Qe2 e5 15.Be3 d5
16.exd5 Nxd5 17.Nxd5 Bxd5 18.c4 bxc4 19.Bxc4 Bxc4 20.Qxc4 Qe7 21.Bg5 Qc5
22.Nxe5 Bxe5 23.Qxc5 Bxh2+ 24.Kxh2 Nxc5 25.b4 Ne6 26.Bf6 a5 27.b5 a4 28.Rd7 Rfb8
29.Rb1 Ra5 30.b6 Rf5 31.Be7 Nc5 32.Bxc5 Rxc5 33.b7 Re5 34.Rc1 Ree8 35.Rcc7 Rf8
36.Rd4 Kg7 37.Rxa4 Kf6 38.Rac4 Kg7 39.a4  1-0

[Event "Anderlecht rap"]
[Site "Brussels "]
[Date "1998.??.??"]
[Round "?"]
[White "Hamdouchi, Hichem"]
[Black "Cekro, Ekrem"]
[Result "1-0"]
[WhiteElo "2555"]
[BlackElo "2385"]

1.e4 g6 2.d4 Bg7 3.Nc3 d6 4.Be3 c6 5.Qd2 b5 6.f4 Nd7 7.Nf3 Nb6 8.Bd3 Nf6
9.e5 Nfd5 10.Nxd5 Nxd5 11.O-O Bg4 12.Ng5 h6 13.Ne4 Bf5 14.Bf2 O-O 15.Rae1 Nb6
16.c3 Nc4 17.Qe2 d5 18.Nc5 Bxd3 19.Nxd3 e6 20.g4 Re8 21.Bg3 f5 22.exf6 Qxf6
23.f5 exf5 24.Qxe8+ Rxe8 25.Rxe8+ Kh7 26.gxf5 Nd2 27.Re6 Qd8 28.fxg6+ Kg8
29.Rf7 Ne4 30.Ree7 Bf8 31.Rd7 Qg5 32.Nf4 Nxg3 33.Rxf8+ Kxf8 34.Ne6+  1-0

[Event "Bucharest Fest GM"]
[Site "Bucharest"]
[Date "1998.??.??"]
[Round "?"]
[White "Nanu, Ciprian"]
[Black "Dumitrache, Dragos"]
[Result "1-0"]
[WhiteElo "2405"]
[BlackElo "2420"]

1.e4 g6 2.d4 Bg7 3.Nc3 d6 4.Be3 c6 5.a4 Nd7 6.a5 Ngf6 7.Nf3 O-O 8.Be2 Rb8
9.Nd2 b5 10.axb6 axb6 11.d5 Bb7 12.dxc6 Bxc6 13.Bb5 Bxb5 14.Nxb5 d5 15.Ra7 Ra8
16.Rxa8 Qxa8 17.f3 dxe4 18.O-O Nd5 19.Bg5 h6 20.fxe4 hxg5 21.exd5 Qxd5 22.Nc3 Bxc3
23.bxc3 Qc5+ 24.Kh1 Nf6 25.c4 Kg7 26.Qa1 Rd8 27.Ne4 Qd4 28.Nxg5 Qxc4 29.Re1 Qxc2
30.h3 Qc5 31.Nf3 Kg8 32.Qa7 e6 33.Ne5 Qa5  1-0

[Event "Bucharest Cup GM"]
[Site "Bucharest"]
[Date "1998.??.??"]
[Round "?"]
[White "Cioara, Andrei Nestor"]
[Black "Istratescu, Andrei"]
[Result "0-1"]
[WhiteElo "2345"]
[BlackElo "2540"]

1.e4 g6 2.d4 Bg7 3.Nc3 d6 4.Nge2 Nc6 5.h3 e5 6.Be3 Nf6 7.g3 O-O 8.Bg2 a6
9.a4 Rb8 10.a5 exd4 11.Nxd4 Re8 12.O-O Bd7 13.Re1 Nb4 14.g4 Qc8 15.Nde2 h5
16.g5 Nh7 17.Kh2 c5 18.Qd2 Qc7 19.Kh1 Bc6 20.Nd5 Nxd5 21.exd5 Bd7 22.c3 b5
23.axb6 Rxb6 24.Ra2 a5 25.Rxa5 Rxb2 26.Qxb2 Qxa5 27.Ra1 Qb5 28.Rb1 Qc4 29.Re1 Qh4
30.Ng1 Nxg5 31.Bxg5 Qxg5 32.Rxe8+ Bxe8 33.Qb8 Qe7 34.c4 Bd4 35.Nf3 Bxf2 36.Nd2 Qe1+
37.Bf1 Bd4  0-1

[Event "Bucharest Fest GM"]
[Site "Bucharest"]
[Date "1998.??.??"]
[Round "?"]
[White "Vukovic, Zdravko"]
[Black "Dumitrache, Dragos"]
[Result "1-0"]
[WhiteElo "2425"]
[BlackElo "2420"]

1.e4 g6 2.d4 Bg7 3.Nc3 d6 4.Nf3 a6 5.a4 b6 6.Bc4 Bb7 7.O-O e6 8.Bg5 Ne7 9.Qd2 h6
10.Be3 Nd7 11.h3 Kf8 12.Nh2 d5 13.exd5 exd5 14.Ba2 c6 15.Ne2 Nf5 16.Ng3 Nxe3
17.fxe3 Kg8 18.e4 Qc7 19.Rf3 Rf8 20.e5 Nxe5 21.dxe5 Bxe5 22.Ngf1 Bxb2 23.Re1 Kg7
24.c4 Be5 25.Ng4 f6 26.Bb1 Bd6 27.Re6 Bc5+ 28.Kh1 f5 29.cxd5 cxd5 30.Rg3 Bc8
31.Ne5 Rf6 32.Rxg6+ Rxg6 33.Rxg6+ Kf8 34.Qxd5 Bb7 35.Qe6  1-0

[Event "Bucharest Fest GM"]
[Site "Bucharest"]
[Date "1998.??.??"]
[Round "?"]
[White "Vukovic, Zdravko"]
[Black "Badea, Bela"]
[Result "1-0"]
[WhiteElo "2425"]
[BlackElo "2530"]

1.e4 g6 2.d4 Bg7 3.Nc3 d6 4.Be2 Nd7 5.Nf3 e5 6.dxe5 dxe5 7.Bg5 Ngf6 8.Nxe5 h6
9.Bf4 Nxe4 10.Nxe4 Bxe5 11.Bxe5 Nxe5 12.Qxd8+ Kxd8 13.O-O-O+ Ke7 14.Rhe1 g5
15.Nc3 Be6 16.Ba6 bxa6 17.Rxe5 Rad8 18.Ra5 Rxd1+ 19.Nxd1 Bc8 20.Ne3 Bb7 21.Kd2 f6
22.Ke2 Ke6 23.f3 Re8 24.Nf5 Kf7+ 25.Kf2 Kg6 26.Rc5 Ba8 27.g4 c6 28.h4 gxh4
29.Nxh4+ Kf7 30.Nf5 Kg6 31.Ra5 Bb7 32.Nd6 Re7 33.b3 Rd7 34.Nxb7 Rxb7 35.Rxa6 Rc7
36.b4 h5 37.gxh5+ Kxh5 38.Ra5+ Kg6 39.Rc5 Rh7 40.Rxc6 Rh4 41.a3 Kf5 42.Ke3 Rh7
43.Rc5+ Ke6 44.c4  1-0

[Event "Ciocaltea mem"]
[Site "Bucharest"]
[Date "1998.??.??"]
[Round "3"]
[White "Nisipeanu, Liviu Dieter"]
[Black "Nevednichy, Vladislav"]
[Result "1-0"]
[WhiteElo "2610"]
[BlackElo "2550"]

1.e4 g6 2.d4 Bg7 3.Nc3 d6 4.Bc4 e6 5.Nf3 a6 6.a4 b6 7.e5 d5 8.Ba2 Ne7 9.Ne2 c5
10.c3 Nbc6 11.h4 h6 12.Bb1 a5 13.O-O Ba6 14.Re1 Rc8 15.Nf4 Qc7 16.Ra3 Rb8
17.Be3 c4 18.Nd2 Kd7 19.Qg4 Rbg8 20.b3 cxb3 21.Rxb3 h5 22.Qf3 Rc8 23.Nh3 Rhf8
24.Ng5 Rce8 25.Qh3 Rb8 26.Rb2 Nd8 27.Rc1 Qc6 28.Nh7 Qxa4 29.Nxf8+ Bxf8 30.Qf3 Qc6
31.Bg5 Rc8 32.Bd3 Bxd3 33.Qxd3 Nf5 34.c4 Bb4 35.Rbc2 Qa4 36.cxd5 Rxc2 37.Rxc2 Bxd2
38.Rxd2 exd5 39.Bxd8 Kxd8 40.Qc3 Qc4 41.Qb2 Kd7 42.Rd1 b5 43.Rc1 Qb4 44.Qc2 Qc4
45.Qd2 Qb4 46.Qxb4 axb4 47.Rc5 Ke6 48.Rxb5 Nxd4 49.Rxb4 Kxe5 50.f4+ Ke4 51.Kf2 Kd3
52.Rb7 f5 53.Rb6 Ne2 54.Rxg6 Nxf4 55.Rh6 Ke4 56.g3 Nd3+ 57.Kg2 f4 58.Rxh5 d4
59.Rh6 f3+ 60.Kf1 Ne5 61.h5 d3 62.Rd6 Nc4 63.Rd8 Ne3+ 64.Ke1 Ng4 65.Kd2 Ne5
66.Rf8 Nc4+ 67.Kc3  1-0

[Event "Primavara"]
[Site "Bucharest"]
[Date "1998.??.??"]
[Round "9"]
[White "Vajda, Levente"]
[Black "Lupu, Mircea Sergiu"]
[Result "1-0"]
[WhiteElo "2440"]
[BlackElo "2505"]

1.e4 g6 2.d4 Bg7 3.Nc3 d6 4.Nf3 Nf6 5.Be2 O-O 6.O-O a6 7.a4 Nc6 8.Be3 Ng4
9.Bg5 h6 10.Bh4 Nf6 11.h3 Kh7 12.Qd2 a5 13.Rad1 Nb4 14.Nh2 d5 15.e5 Ng8 16.g4 f5
17.f4 b6 18.Bf3 Be6 19.Ne2 Qd7 20.b3 Bf7 21.gxf5 gxf5 22.Ng3 e6 23.Nh5 Bh8
24.c3 Qe8 25.Ng3 Na6 26.Qe2 Ne7 27.Nh5 Bxh5 28.Bxh5 Ng6 29.Kh1 Rg8 30.Rf3 Qd7
31.Bf2 c6 32.Rg1 Nc7 33.Qc2 Qe7 34.Nf1 Nxf4 35.Bg4 Ng6 36.Ne3 fxg4 37.Rxg4 Raf8
38.Rfg3 Qf7 39.Be1 Bxe5 40.dxe5 d4 41.cxd4 Nd5 42.Ng2 Qf5 43.Qxc6 Nge7 44.Qd7 Rf7
45.Kh2 Rc8 46.Bd2 Rc7 47.Qe8 Rc8 48.Rh4  1-0

[Event "Primavara"]
[Site "Bucharest"]
[Date "1998.??.??"]
[Round "12"]
[White "Cioara, Andrei Nestor"]
[Black "Svetushkin, Dmitry"]
[Result "0-1"]
[WhiteElo "2390"]
[BlackElo "2415"]

1.e4 g6 2.d4 Bg7 3.Nc3 d6 4.Nge2 Nf6 5.g3 O-O 6.Bg2 e5 7.h3 Nc6 8.Be3 exd4
9.Nxd4 Bd7 10.O-O Re8 11.Re1 a6 12.a4 Qc8 13.g4 h5 14.g5 Nh7 15.Nxc6 bxc6
16.Kh2 Rb8 17.Rb1 c5 18.Qd3 Bc6 19.Bd2 Rb4 20.Qg3 c4 21.b3 cxb3 22.cxb3 Rd4
23.Rbd1 h4 24.Qe3 Ba8 25.f3 c5 26.Ne2 d5 27.Nxd4 Bxd4 28.Qd3 dxe4 29.fxe4 Be5+
30.Kh1 Bg3 31.Re2 Rd8 32.Qc2 Nf8 33.Bc3 Re8 34.Bf6 Ne6 35.Red2 Bf4 36.Rf2 Bxg5
37.Rdf1 Bxf6 38.Rxf6 Ng5 39.Qc4 Bxe4 40.Kh2 Bxg2 41.Rxg6+ Kh7 42.Rxg5 Qxh3+
43.Kg1 Qh1+ 44.Kf2 Qxf1+ 45.Qxf1 Bxf1 46.Kxf1 Rc8 47.Rh5+ Kg6 48.Rxh4 Kf5
49.Ke2 Ke5 50.Kd3 Rd8+ 51.Kc4 Rd4+ 52.Rxd4 cxd4 53.b4 Ke4 54.b5 axb5+ 55.axb5  0-1

[Event "Ciocaltea mem"]
[Site "Bucharest"]
[Date "1998.??.??"]
[Round "13"]
[White "Milu, Romeo Sorin"]
[Black "Badea, Bela"]
[Result "1/2-1/2"]
[WhiteElo "2395"]
[BlackElo "2545"]

1.e4 g6 2.d4 Bg7 3.Nc3 d6 4.Be2 Nd7 5.Nf3 e5 6.dxe5 dxe5 7.Bc4 Ngf6 8.O-O O-O
9.Be3 h6 10.Nd2 a6 11.a4 b6 12.f3 Bb7 13.Ne2 Qe7 14.c3 a5 15.Qc2 Ne8  1/2-1/2

[Event "Primavara"]
[Site "Bucharest"]
[Date "1998.??.??"]
[Round "15"]
[White "Iordachescu, Viorel"]
[Black "Badea, Bela"]
[Result "1/2-1/2"]
[WhiteElo "2520"]
[BlackElo "2545"]

1.e4 g6 2.d4 Bg7 3.Nc3 d6 4.Nf3 Nf6 5.Be2 O-O 6.O-O c6 7.Re1 Nbd7 8.a4 e5
9.dxe5 Nxe5 10.Nxe5 dxe5  1/2-1/2

[Event "Budapest Nyar-A"]
[Site "Budapest"]
[Date "1998.??.??"]
[Round "2"]
[White "Tolnai, Tibor"]
[Black "Czebe, Attila"]
[Result "1-0"]
[WhiteElo "2560"]
[BlackElo "2455"]

1.e4 g6 2.d4 Bg7 3.Nc3 d6 4.Bc4 Nf6 5.Qe2 Nc6 6.Nf3 Bg4 7.Bb5 Nd7 8.Bxc6 bxc6
9.Be3 e5 10.O-O-O O-O 11.h3 Bxf3 12.Qxf3 Rb8 13.h4 h5 14.b3 exd4 15.Bxd4 Ne5
16.Qe2 Qf6 17.g3 Qe6 18.f4 Ng4 19.Bxg7 Kxg7 20.Rhe1 Rfe8 21.Qa6 c5 22.Qxa7 Qc8
23.Qa3 f6 24.Rd2 Rb4 25.Nd5 Rbxe4 26.Rxe4 Rxe4 27.Qa7 Nh6 28.Qxc7+ Qxc7 29.Nxc7 Nf5
30.Rd3 g5 31.fxg5 fxg5 32.hxg5 Kg6 33.a4 Nd4 34.Nb5 Nxb5 35.axb5 Rb4 36.Rxd6+ Kxg5
37.Rd5+  1-0

[Event "Budapest FS09 IM-A"]
[Site "Budapest"]
[Date "1998.??.??"]
[Round "3"]
[White "Jagodzinski, Andreas"]
[Black "Czebe, Attila"]
[Result "0-1"]
[WhiteElo "2215"]
[BlackElo "2455"]

1.e4 g6 2.d4 Bg7 3.Nc3 d6 4.g3 Nc6 5.Be3 Nf6 6.h3 O-O 7.Bg2 e5 8.Nge2 exd4
9.Nxd4 Re8 10.O-O Bd7 11.Re1 Nxd4 12.Bxd4 c5 13.Be3 Bc6 14.Qd3 Qb6 15.Rab1 Rad8
16.Nd5 Bxd5 17.exd5 Qa5 18.a3 Nd7 19.Bd2 Qa4 20.Bc3 Bxc3 21.Qxc3 Rc8 22.h4 Qd4
23.Rxe8+ Rxe8 24.Re1 Ne5 25.Qxd4 Nf3+  0-1

[Event "Budapest FS07 IM-B"]
[Site "Budapest"]
[Date "1998.??.??"]
[Round "4"]
[White "Boe, Mads"]
[Black "Moise, Adrian"]
[Result "1-0"]
[WhiteElo "2345"]
[BlackElo "2245"]

1.e4 g6 2.d4 Bg7 3.Nc3 d6 4.Be3 Nd7 5.Qd2 e5 6.Nge2 a6 7.f3 b5 8.a4 Rb8 9.axb5 axb5
10.Nc1 c6 11.d5 b4 12.dxc6 bxc3 13.cxd7+ Bxd7 14.Qxc3 Ne7 15.Bc4 O-O 16.O-O Bb5
17.Bxb5 Rxb5 18.Nd3 Qb8 19.b4 Rc8 20.Qb3 d5 21.Bc5 Nc6 22.Qa2 d4 23.f4 Rb7
24.f5 Bh6 25.fxg6 hxg6 26.Rf6 Qc7 27.Rxg6+ Kh7 28.Rf6 Rg8 29.Raf1 Nd8 30.Qd5 Qc8
31.Qxe5 Rg5 32.Rxh6+ Kxh6 33.Qh8+  1-0

[Event "Budapest Nyar op"]
[Site "Budapest"]
[Date "1998.??.??"]
[Round "6"]
[White "Jamrich, Gyorgy"]
[Black "Szirmai, Eduard"]
[Result "1/2-1/2"]
[WhiteElo "2310"]
[BlackElo "2170"]

1.e4 g6 2.d4 Bg7 3.Nc3 d6 4.Bg5 c6 5.Qd2 b5 6.f4 Nd7 7.Nf3 Nb6 8.h3 a6 9.Nd1 Nf6
10.Nf2 Bb7 11.c3 Rc8 12.Bd3 c5 13.d5 O-O 14.O-O Qd7 15.Rae1 Rce8 16.Bb1 e6
17.dxe6 Rxe6 18.f5 Ree8 19.Bh6 Nc4 20.Qc1 Re7 21.Ng4 Nxg4 22.hxg4 f6 23.b3 Ne5
24.Nxe5 dxe5 25.Be3 Qc7 26.Rd1 Rc8 27.Rd2 g5 28.Rfd1 Bf8 29.c4 b4 30.a3 a5
31.a4 Rf7 32.Qc2 Bc6 33.Kf1 Be7 34.Qd3 Rff8 35.Qe2 Rfd8 36.Rxd8+ Rxd8 37.Rxd8+ Qxd8
38.Ke1 Qd6 39.g3 Be8 40.Qh2 Kg7  1/2-1/2

[Event "Budapest Nyar-A"]
[Site "Budapest"]
[Date "1998.??.??"]
[Round "7"]
[White "Acs, Peter"]
[Black "Czebe, Attila"]
[Result "1-0"]
[WhiteElo "2500"]
[BlackElo "2455"]

1.e4 g6 2.d4 Bg7 3.Nc3 d6 4.f4 Nc6 5.Nf3 Bg4 6.Be3 Bxf3 7.gxf3 e6 8.Qd2 Nge7
9.O-O-O d5 10.h4 h5 11.Na4 a6 12.Bh3 Bf6 13.f5 gxf5 14.exf5 e5 15.Bg5 Qd6
16.Bxf6 Qxf6 17.dxe5 Nxe5 18.Qg5 Rh6 19.Rhe1 Nd7 20.Rxd5 b6 21.Nc3 Kd8 22.Rxd7+  1-0

[Event "Golden Cleopatra"]
[Site "Cairo"]
[Date "1998.??.??"]
[Round "8"]
[White "Khmelnitsky, Sergei"]
[Black "Hamed, Ahmed"]
[Result "1-0"]
[WhiteElo "2420"]
[BlackElo "2320"]

1.e4 g6 2.d4 Bg7 3.Nc3 d6 4.f4 Nf6 5.Nf3 O-O 6.Bd3 Nc6 7.e5 dxe5 8.fxe5 Nd5
9.Nxd5 Qxd5 10.c3 Bg4 11.h3 Be6 12.O-O Rad8 13.Qe2 f6 14.exf6 exf6 15.Bf4 Rde8
16.Qd2 Qd7 17.b3 Bd5 18.Rad1 Re7 19.Qf2 Rfe8 20.Qg3 a6 21.Rde1 b5 22.Rxe7 Rxe7
23.Re1 Nd8 24.Rxe7 Qxe7 25.c4 bxc4 26.bxc4 Bf7 27.d5 c6 28.d6 Qa7+ 29.Qf2 c5
30.Qb2 Be6 31.Qb3 Nc6 32.Be4 Nd8 33.Qa4 Kf7 34.Qa5 Qd7 35.Qxc5 Bf8 36.Nd4 Nb7
37.Bxb7 Qxb7 38.Nxe6 Kxe6 39.Qe3+ Kd7 40.c5 Qd5 41.Kh2 g5 42.Bg3 h5 43.Bf2 Qe5+
44.Qxe5 fxe5 45.g4 hxg4 46.hxg4 Bg7 47.Kg2 e4 48.Be3 Bf6 49.Kf2 Kc6 50.Ke2 a5
51.a4 Kd5 52.Bf2 Kc6 53.Kd2 Kd5 54.Kc2 Be5 55.Be3 Bf6 56.Kb3 Bd8 57.Bd4  1-0

[Event "Cap d'Agde op"]
[Site "Cap d'Agde"]
[Date "1998.??.??"]
[Round "3"]
[White "Degraeve, Jean Marc"]
[Black "Bezold, Michael"]
[Result "0-1"]
[WhiteElo "2525"]
[BlackElo "2490"]

1.e4 g6 2.d4 Bg7 3.Nc3 d6 4.Be3 a6 5.h4 h6 6.Bd3 Nd7 7.h5 g5 8.Nge2 c5 9.dxc5 dxc5
10.a4 e6 11.g3 Qc7 12.Ng1 b6 13.Bd2 Bb7 14.f4 Ne7 15.Qe2 Nc6 16.Nf3 g4 17.Nh4 Nd4
18.Qxg4 Rg8 19.Qd1 c4 20.Bf1 Nc5 21.Bg2 O-O-O 22.Rc1 f5 23.O-O fxe4 24.Qe1 Bf6
25.Ng6 Nf5 26.Kh2 Kb8 27.Rf2 Qc6 28.Bh1 Nd4 29.Be3 Nf3+ 30.Bxf3 exf3 31.Bxc5 Qxc5
32.Rd2  0-1

[Event "Ceske Budejovice op"]
[Site "Ceske Budejovice"]
[Date "1998.??.??"]
[Round "?"]
[White "Sarakauskas, Gediminas"]
[Black "Voloshin, Leonid"]
[Result "0-1"]
[WhiteElo "2280"]
[BlackElo "2440"]

1.e4 g6 2.d4 Bg7 3.Nc3 d6 4.g3 Nf6 5.Bg2 O-O 6.Nge2 c6 7.O-O e5 8.h3 b5 9.Be3 Qe7
10.a3 Bb7 11.f4 exd4 12.Nxd4 Nbd7 13.Re1 a5 14.e5 dxe5 15.Nxc6 Qe6 16.Ne7+ Qxe7
17.Bxb7 Rab8 18.Bg2 b4 19.axb4 axb4 20.Nd5 Nxd5 21.Qxd5 Nb6 22.Qc5 Qxc5 23.Bxc5 Rfd8
24.fxe5 Nc4 25.Re4 Nxb2 26.Bd6 Rbc8 27.Rxb4 Nc4 28.Be7 Re8 29.Bb7 Rc7 30.Bf6 Nxe5
31.Bxg7 Kxg7 32.Be4 f5 33.Rb7 Rxb7 34.Bxb7 Rd8 35.Rf1 Kf6 36.Rf2 Rd1+ 37.Kg2 h5
38.Ba6 Ra1 39.Bb5 Nf7 40.g4 Nd6 41.Bd3 Kg5 42.gxf5 gxf5 43.Re2 Kf4 44.Rf2+ Ke5
45.Re2+ Kf6 46.h4 Ra4 47.Kh3 Ne4 48.Rg2 Ke5 49.Bxe4 fxe4 50.Rg5+ Kf4 51.Rxh5 e3
52.Kg2 Ra1 53.Rh8 e2 54.Rf8+ Kg4 55.Rg8+ Kxh4  0-1

[Event "Ceske Budejovice op"]
[Site "Ceske Budejovice"]
[Date "1998.??.??"]
[Round "?"]
[White "Kucera, Petr"]
[Black "Ianov, Viktor"]
[Result "0-1"]
[WhiteElo "2380"]
[BlackElo "2350"]

1.e4 g6 2.d4 Bg7 3.Nc3 d6 4.Nge2 a6 5.a4 b6 6.g3 Bb7 7.Bg2 Nd7 8.O-O e6 9.d5 e5
10.a5 b5 11.f4 exf4 12.gxf4 Ngf6 13.Ng3 O-O 14.Be3 Re8 15.Bd4 c5 16.dxc6 Bxc6
17.Nd5 Bxd5 18.exd5 Rc8 19.Qd2 Qc7 20.Rac1 Nc5 21.f5 Ncd7 22.Bh3 Rb8 23.fxg6 hxg6
24.Bxd7 Nxd7 25.Bxg7 Kxg7 26.Nh5+ Kg8 27.Rce1 Qc4 28.Ng3 Rxe1 29.Rxe1 Ne5
30.Rf1 Qg4 31.Kh1 Rc8 32.Rf4 Rxc2 33.Qxc2 Qxf4 34.Qc8+ Kg7 35.Qxa6 Qc1+ 36.Kg2 Qxb2+
37.Kf1 Nc4 38.Ne2 Qa1+ 39.Kf2 Qxa5 40.Qc8 Qb6+  0-1

[Event "Chemnitz op"]
[Site "Chemnitz"]
[Date "1998.??.??"]
[Round "3"]
[White "Lanka, Zigurds"]
[Black "Simon, Peter"]
[Result "1-0"]
[WhiteElo "2525"]
[BlackElo "2100"]

1.e4 g6 2.d4 Bg7 3.Nc3 d6 4.f4 c6 5.Nf3 Bg4 6.Be3 Qb6 7.Qd2 Bxf3 8.gxf3 Nf6
9.O-O-O Nbd7 10.Kb1 O-O-O 11.Bc4 Rhf8 12.Bb3 Kb8 13.Rhg1 Qa5 14.f5 c5 15.a3 cxd4
16.Bxd4 Ne5 17.Qf2 Rc8 18.Nd5 Nxd5 19.Bxd5 e6 20.Bb3 exf5 21.exf5 Bf6 22.f4 Nd7
23.Bxf6 Nxf6 24.Qd4 Ne8 25.fxg6 fxg6 26.Rg5 Qc7 27.Rb5 a6 28.Rb4 Qc5 29.Qd3 Nc7
30.Qh3 h5 31.Qg2 d5 32.Qxg6 h4 33.f5 a5 34.Rxh4 Rg8 35.Qh6 Rcf8 36.Qf4 b5
37.a4 Kb7 38.Rh7 Rd8 39.axb5 Kb6 40.Rh6+ Kb7 41.Rc6 Qe7 42.Qd4  1-0

[Event "CZE-ch U18"]
[Site "CZE"]
[Date "1998.??.??"]
[Round "?"]
[White "Koutecky, Vaclav"]
[Black "Fikr, L."]
[Result "0-1"]
[WhiteElo "1920"]
[BlackElo "1790"]

1.e4 d6 2.d4 g6 3.Nc3 Bg7 4.Nf3 Nf6 5.Bg5 O-O 6.Qd2 Re8 7.Be2 Nbd7 8.O-O e5
9.dxe5 dxe5 10.Rad1 c6 11.h3 Qc7 12.Qd6 Qa5 13.Bc4 Bf8 14.Qd3 b5 15.Bb3 b4
16.Nb1 Nc5 17.Qe3 Ncxe4 18.Bxf6 Nxf6 19.Ng5 Nd5 20.Qf3 Be6 21.Nxe6 fxe6 22.Nd2 Bg7
23.Nc4 Qc7 24.Rfe1 a5 25.a4 bxa3 26.bxa3 a4 27.Ba2 Rf8 28.Qg4 Rae8 29.Qg3 Rf4
30.Nd2 Ref8 31.Ne4 Qb6 32.c4 Nc7 33.c5 Qb2 34.Rd2 Qb8 35.Rd6 Qe8 36.Ng5 Kh8
37.Nxe6 Nxe6 38.Bxe6 e4 39.Red1 Be5 40.Bd7 Qe7 41.Re6 Qxc5 42.Qe3 Qc2 43.Qd2 Qxd2
44.Rxd2 e3 45.Re2 exf2+ 46.Kf1 Rc4 47.Rxc6 Rd4 48.Rc1 Bf4 49.Rc8 Rxc8 50.Bxc8 Bg3  0-1

[Event "CZE-chT2V 9899"]
[Site "CZE"]
[Date "1998.??.??"]
[Round "?"]
[White "Silar, Lubomir"]
[Black "Hlavnicka, Jiri"]
[Result "0-1"]
[WhiteElo "2165"]
[BlackElo "2205"]

1.d4 g6 2.e4 Bg7 3.Nc3 d6 4.Bc4 Nf6 5.Nge2 c6 6.a4 d5 7.exd5 cxd5 8.Bb5+ Bd7
9.Bf4 O-O 10.O-O Nc6 11.h3 Nb4 12.Bxd7 Qxd7 13.Ng3 Rac8 14.Be5 Ne8 15.Re1 Bh6
16.Nf1 Ng7 17.Nh2 Nf5 18.Ng4 Bg7 19.Qd2 f6 20.Bf4 Rc4 21.Be3 h5 22.Nh2 a6
23.Rac1 Rfc8 24.g4 hxg4 25.hxg4 Nxe3 26.fxe3 e5 27.dxe5 fxe5 28.Re2 e4 29.Rf2 Bxc3
30.bxc3 Rxc3 31.Qd4 R3c4 32.Qe5 Nd3 33.Qf6 Nxf2 34.Qxf2 Qf7 35.Qh4 Rxc2 36.Rf1 Rc1
37.g5 Rxf1+ 38.Nxf1 Rc1 39.Qh3 Rxf1+  0-1

[Event "Moravia-chT 9899"]
[Site "CZE"]
[Date "1998.??.??"]
[Round "2"]
[White "Rehurek, Lukas"]
[Black "Keprt, Pavel"]
[Result "1/2-1/2"]
[WhiteElo "2120"]
[BlackElo "2220"]

1.e4 g6 2.d4 Bg7 3.Nc3 d6 4.g3 Nc6 5.Be3 e5 6.dxe5 Nxe5 7.h3 Nf6 8.f4 Nc6
9.Bg2 O-O 10.Nge2 Re8 11.Qd2 Qe7 12.Kf2 Be6 13.Nd5 Bxd5 14.exd5 Nb4 15.Bd4 Ne4+
16.Bxe4 Qxe4 17.Bxg7 Kxg7 18.Qd4+ Qxd4+ 19.Nxd4 Nxd5 20.Rhd1 Nf6 21.c3 a6
22.Rd3 Re7 23.Re1 Ne4+ 24.Kg2 Rae8 25.Rde3 f5 26.Nb3 Kf6 27.Kf3 c5 28.Kg2 b5
29.g4 h6 30.Rd1 Re6 31.Rd5 a5 32.Nxa5 Ra8 33.b4 Nxc3 34.g5+ hxg5 35.fxg5+ Kxg5
36.Rxc3 cxb4 37.Rg3+ Kh5 38.Rxb5 Re2+ 39.Kf1 Rxa2 40.Nb3 Rb2 41.Rxb4 Raa2
42.Rc4 Rf2+ 43.Ke1 f4 44.Rd3 Rh2 45.Rxf4  1/2-1/2

[Event "Moravia-chT 9899"]
[Site "CZE"]
[Date "1998.??.??"]
[Round "2"]
[White "Novotny, Jiri"]
[Black "Tikovsky, Alexandr"]
[Result "1-0"]
[WhiteElo "2280"]
[BlackElo "2100"]

1.e4 g6 2.d4 Bg7 3.Nc3 d6 4.Bc4 Nf6 5.Qe2 Nc6 6.Be3 O-O 7.f3 e5 8.dxe5 Nxe5
9.Bb3 Bd7 10.g4 Bc6 11.h4 h5 12.gxh5 Nxh5 13.Qg2 Qd7 14.Nh3 Rae8 15.O-O-O a5
16.a4 b5 17.axb5 Bxb5 18.f4 Nc4 19.Bd4 a4 20.Nxa4 Ra8 21.Bxg7 Kxg7 22.Qf3 Na5
23.Nc3 Nxb3+ 24.cxb3 Bc6 25.f5 Qxf5 26.Qxf5 gxf5 27.Rhg1+ Kh6 28.exf5 Rfe8
29.Kc2 Ra5 30.Rg5 Bd7 31.Nd5 Rc5+ 32.Kb1 c6 33.Nc7 Rc8 34.Rxd6+ f6 35.Rg6+ Kh7
36.Rxd7+ Kh8 37.Rh6+ Kg8 38.Rxh5  1-0

[Event "CZE-chT2 9798"]
[Site "CZE"]
[Date "1998.??.??"]
[Round "11.1"]
[White "Nun, Jiri"]
[Black "Michalek, Jan"]
[Result "1-0"]
[WhiteElo "2375"]
[BlackElo "2285"]

1.e4 g6 2.d4 Bg7 3.Nc3 d6 4.Be2 Nf6 5.Be3 O-O 6.g4 c5 7.g5 Nfd7 8.Nf3 Nc6
9.d5 Nb4 10.h4 Qa5 11.Bd2 Re8 12.a3 Na6 13.h5 Qd8 14.hxg6 hxg6 15.Nh2 e6
16.dxe6 Rxe6 17.Ng4 Nb6 18.Bf4 Bd7 19.Nh6+ Bxh6 20.Rxh6 Qf8 21.Qd3 Qg7 22.O-O-O c4
23.Qg3  1-0

[Event "CZE-chT2 9798"]
[Site "CZE"]
[Date "1998.??.??"]
[Round "11.1"]
[White "Vavra, Pavel"]
[Black "Moravec, Michal"]
[Result "1/2-1/2"]
[WhiteElo "2340"]
[BlackElo "2235"]

1.e4 d6 2.d4 g6 3.Nc3 Bg7 4.Bg5 f6 5.Be3 Nh6 6.f3 O-O 7.h4 Nc6 8.Qd2 Nf7
9.h5 g5 10.h6 Nxh6 11.O-O-O e6 12.Bd3 Bd7 13.f4 gxf4 14.Bxf4 Nf7 15.e5 h6
16.exf6 Qxf6 17.Ne4 Qe7 18.Ne2 d5 19.N4g3 e5 20.dxe5 Bg4 21.Bf5 Bxe2 22.Qxe2 Ncxe5
23.c3 Qf6 24.Rdf1  1/2-1/2

[Event "POL-ch sf"]
[Site "Czestochowa"]
[Date "1998.??.??"]
[Round "2"]
[White "Jasik, Krzysztof"]
[Black "Spicak, Krzysztof"]
[Result "1-0"]
[WhiteElo "2220"]
[BlackElo "2100"]

1.e4 g6 2.d4 Bg7 3.Nc3 d6 4.f4 Nc6 5.Be3 e5 6.dxe5 dxe5 7.Qxd8+ Nxd8 8.Nb5 Ne6
9.f5 a6 10.fxe6 axb5 11.exf7+ Kxf7 12.Bxb5 Be6 13.Nf3 Bf6 14.O-O Kg7 15.Ng5 Bc8
16.Bc4 Nh6 17.Rxf6 Kxf6 18.Rf1+ Kg7 19.Nf7 Ng4 20.Bd2 Re8 21.h3 Be6 22.Bxe6 Rxe6
23.hxg4 Rxa2 24.Bh6+ Kg8 25.Ng5 Re8 26.Rf7  1-0

[Event "POL-ch sf"]
[Site "Czestochowa"]
[Date "1998.??.??"]
[Round "4"]
[White "Hnydiuk, Aleksander"]
[Black "Wisniewski, Adrian"]
[Result "1-0"]
[WhiteElo "2310"]
[BlackElo "2185"]

1.e4 g6 2.d4 Bg7 3.Nc3 d6 4.f4 a6 5.Nf3 b5 6.Bd3 Bb7 7.e5 c5 8.dxc5 dxc5
9.Qe2 Nh6 10.a4 Qa5 11.Be4 Nc6 12.Bd2 b4 13.Nd5 O-O-O 14.Ne3 Nd4 15.Bxb7+ Kxb7
16.Nc4 Qc7 17.Nxd4 Rxd4 18.c3 bxc3 19.bxc3 Rdd8 20.O-O Ka7 21.Rfb1 Rb8 22.Rb5 Rhc8
23.Be3 Nf5 24.Rxc5 Qxc5 25.Bxc5+ Rxc5 26.Qf2 Rc8 27.Rb1 h5 28.Qb2  1-0

[Event "POL-ch sf"]
[Site "Czestochowa"]
[Date "1998.??.??"]
[Round "7"]
[White "Grabarczyk, Bogdan"]
[Black "Stryjecki, Marek"]
[Result "1/2-1/2"]
[WhiteElo "2425"]
[BlackElo "2325"]

1.e4 d6 2.d4 g6 3.Nc3 Bg7 4.Bg5 h6 5.Bh4 Nd7 6.f4 c5 7.d5 Qa5 8.Qd2 Bxc3
9.Qxc3 Qxc3+ 10.bxc3 Ngf6 11.Bd3 c4 12.Bxc4 Nxe4 13.O-O-O g5 14.Be1 Ndc5
15.Ne2 Bd7 16.Ng3 O-O-O 17.Rf1 f5 18.Ne2 e5 19.dxe6 Bxe6 20.Bxe6+ Nxe6 21.Rd5 Rdf8
22.h3 Rhg8 23.fxg5 Rxg5 24.g3 f4 25.Rd3 Rgf5 26.g4 Ra5 27.Kb1 Rb5+ 28.Ka1 Re5
29.Ng1 N6c5 30.Rd4 Kc7 31.Nf3 Ree8 32.Bd2 Nxd2 33.Rxd2 Re3 34.c4  1/2-1/2

[Event "POL-ch sf"]
[Site "Czestochowa"]
[Date "1998.??.??"]
[Round "11"]
[White "Jaracz, Pawel"]
[Black "Stryjecki, Marek"]
[Result "1/2-1/2"]
[WhiteElo "2465"]
[BlackElo "2325"]

1.e4 d6 2.d4 g6 3.Nc3 Bg7 4.f4 Nc6 5.Be3 Nf6 6.Nf3 O-O 7.Bc4 e6 8.Qd2 a6
9.e5 Nd7 10.h4 b5 11.Bd3 Nb4 12.h5 Nxd3+ 13.Qxd3 Bb7 14.hxg6 hxg6 15.O-O-O Bxf3
16.gxf3 f5 17.Rhg1 Kf7 18.d5 Qe7 19.Ne2 Rad8 20.dxe6+ Qxe6 21.Nd4 Nc5 22.Nxe6 Nxd3+
23.cxd3 Kxe6 24.Rxg6+ Kf7 25.Rdg1 Bh8 26.d4 Ke7 27.Bf2 Rde8 28.d5 Kd7 29.e6+ Kc8
30.Bh4 Bd4 31.R1g2 Be3+ 32.Kc2 Bxf4 33.e7 Rh8 34.Bf6 Rh2 35.Rxh2 Bxh2 36.Rg5 Be5
37.Bxe5 dxe5 38.Rxf5 Rxe7 39.Kd3 Kd7 40.Rf6 Rh7 41.Rxa6 Rh4 42.Ra5  1/2-1/2

[Event "Decin op-A"]
[Site "Decin"]
[Date "1998.??.??"]
[Round "6"]
[White "Chernyshov, Konstantin"]
[Black "Shurygin, Sergey"]
[Result "1-0"]
[WhiteElo "2485"]
[BlackElo "2305"]

1.e4 d6 2.d4 g6 3.Nc3 Bg7 4.Be3 a6 5.Qd2 b5 6.a4 b4 7.Nce2 Nf6 8.f3 a5 9.Bh6 Bxh6
10.Qxh6 Nbd7 11.g4 e5 12.O-O-O Qe7 13.h4 c5 14.dxe5 dxe5 15.Ng3 Ng8 16.Qd2 Bb7
17.Qd3 Bc6 18.b3 Nf8 19.h5 Rd8 20.Qxd8+ Qxd8 21.Rxd8+ Kxd8 22.Bc4 Ke7 23.Nh3 Nd7
24.Ng5 Nh6 25.Nxh7 Rxh7 26.hxg6 fxg6 27.g5 Nf8 28.Rxh6 Rg7 29.Kd2 Bd7 30.Rh8 Rh7
31.Rg8 Be8 32.Nf5+ gxf5 33.exf5 Bf7 34.f6+ Kd6 35.Rxf8 Rh2+ 36.Ke3 Bxc4 37.bxc4  1-0